La loi militaire (Record no. 126079)

MARC details
000 -LEADER
campo de control de longitud fija 00681nam a2200217 4500
001 - NÚMERO DE CONTROL
campo de control 126079
003 - IDENTIFICADOR DE NÚMERO DE CONTROL
campo de control ES-MaACL
005 - FECHA Y HORA DE LA ÚLTIMA TRANSACCIÓN
campo de control 20250829115453.0
007 - CAMPO FIJO DE DESCRIPCIÓN FÍSICA--INFORMACIÓN GENERAL
campo de control de longitud fija t|
008 - DATOS DE LONGITUD FIJA--INFORMACIÓN GENERAL
campo de control de longitud fija 070214s1913 fr r ||||1| fre d
100 1# - ENTRADA PRINCIPAL--NOMBRE DE PERSONA
Nombre de persona Reinach, Joseph.
9 (RLIN) 96038
245 13 - MENCIÓN DEL TÍTULO
Título La loi militaire
Resto del título : fixité des effectifs /
Mención de responsabilidad, etc. Joseph Reinach.
260 ## - PUBLICACIÓN, DISTRIBUCIÓN, ETC.
Lugar de publicación, distribución, etc. Paris :
Nombre del editor, distribuidor, etc. [s.n.],
Fecha de publicación, distribución, etc. 1913.
300 ## - DESCRIPCIÓN FÍSICA
Extensión 299 p. ;
Dimensiones 19 x 13 cm.
490 1# - MENCIÓN DE SERIE
Mención de serie Cahiers de la quinzaine. Série 15e ;
Designación de volumen o secuencia 3
650 #4 - PUNTO DE ACCESO ADICIONAL DE MATERIA--TÉRMINO DE MATERIA
Término de materia o nombre geográfico como elemento de entrada Fuerzas armadas-
Subdivisión geográfica Francia.
9 (RLIN) 13004
650 #4 - PUNTO DE ACCESO ADICIONAL DE MATERIA--TÉRMINO DE MATERIA
Término de materia o nombre geográfico como elemento de entrada Derecho militar-
Subdivisión geográfica Francia.
9 (RLIN) 173507
830 10 - PUNTO DE ACCESO ADICIONAL DE SERIE-TÍTULO UNIFORME
Título uniforme Cahiers de la quinzaine
Designación de volumen o secuencia 3
9 (RLIN) 219092
852 ## - LOCALIZACIÓN
Ubicación ES-MaACL
Número de control de estantería G-1078
Holdings
Estatus retirado Estado de pérdida Estado de daño No para préstamo Biblioteca de origen Biblioteca actual Ubicación en estantería Fecha de adquisición Fuente de adquisición Total de préstamos Signatura topográfica completa Código de barras Visto por última vez Precio de reemplazo Tipo de ítem Koha
        Biblioteca del Ateneo de Madrid Biblioteca del Ateneo de Madrid Depósito 2 17/01/2008     G-1078 1131326 23/02/2023 23/02/2023 Libro impreso